00409nam a2200181Ia 4500003000900000008004100009040001300050040001300063041000800076100002100084245006000105250000900165260001700174260000900191300001100200300001000211490000600221IT-RoPAU120407s9999 xx 000 0 und d aIT-RoPAU cIT-RoPAU aita aBenito Mussolini aAntologia degli scritti e discorsi. A cura di P. Orano. aRoma aEd. Pinciana c1936 a211 p. c19 cm v1